000 00828nam a2200253Ia 4500
003 OSt
005 20221005093005.0
006 a|||||r|||| 00| 0
007 ta
008 221004b |||||||| |||| 00| 0 eng d
020 _a0898621992 (hbk)
_c2632.76
024 _a95928
037 _b5309, 23/03/2009, Efficient Book Distributors
_cTextual
040 _aCRL
_cCRL
_beng
041 _2eng
_aeng
082 _aSM9:86, N4
100 _aMcWilliams Nancy
_934909
245 0 _aPsychoanalytic diagnosis
_b Understanding personality structure in the clinical process
260 _aNew York
_bThe Guilford Press USA
_c1994
300 _axviii,398p.
_ccm.
650 _aPSYCHOLOGY
942 _hSM9:86, N4
_cTEXL
_2cc
999 _c999666
_d999666